Every NASCAR winner of 2001 - Statistics

General Stats
  • This quiz has been taken 2 times
  • The average score is 28 of 42
Answer Stats
Hint Answer % Correct
Daytona Dale Earnhardt Jr.
100%
Dover Dale Earnhardt Jr.
100%
Talladega Dale Earnhardt Jr.
100%
Coca Cola 600 Jeff Burton
100%
Phoenix Jeff Burton
100%
Las Vegas Jeff Gordon
100%
All Star Race Jeff Gordon
100%
Dover Jeff Gordon
100%
Michigan Jeff Gordon
100%
Indianapolis Jeff Gordon
100%
Watkins Glen Jeff Gordon
100%
Kansas Jeff Gordon
100%
Atlanta Kevin Harvick
100%
Chicagoland Kevin Harvick
100%
Daytona 500 Michael Waltrip
100%
New Hampshire Robby Gordon
100%
Auto Club Rusty Wallace
100%
Rockingham Steve Park
100%
Bud Shootout Tony Stewart
100%
Richmond Tony Stewart
100%
Sonoma Tony Stewart
100%
Bristol Tony Stewart
100%
Darlington Ward Burton
100%
Pocono Bobby Labonte
50%
Atlanta Bobby Labonte
50%
Darlington Dale Jarrett
50%
Texas Dale Jarrett
50%
Martinsville Dale Jarrett
50%
New Hampshire Dale Jarrett
50%
Daytona Duel #1 Sterling Marlin
50%
Michigan Sterling Marlin
50%
Charlotte Sterling Marlin
50%
Homestead Bill Elliott
0%
Talladega Bobby Hamilton
0%
Bristol Elliott Sadler
0%
Rockingham Joe Nemechek
0%
All-Star Open Johnny Benson
0%
Daytona Duel #2 Mike Skinner
0%
Pocono Ricky Rudd
0%
Richmond Ricky Rudd
0%
Martinsville Ricky Rudd
0%
No Bull 5 Sprint Todd Bodine
0%
No matching quizzes found
Score Distribution
Percent of People with Each Score
Percentile by Number Answered
Your Score History
You have not taken this quiz